Calculus
This book presents a three-semester sequence in calculus, beginning at the beginning and culminating in Stokes' Theorem and an introduction to differential forms.
में बचाया:
| मुख्य लेखक: | |
|---|---|
| स्वरूप: | पुस्तक |
| भाषा: | Undetermined |
| प्रकाशित: |
Philadelphia
W.B.Sauders
1970
|
| विषय: | |
| टैग : |
टैग जोड़ें
कोई टैग नहीं, इस रिकॉर्ड को टैग करने वाले पहले व्यक्ति बनें!
|
| Thư viện lưu trữ: | Trung tâm Học liệu Trường Đại học Cần Thơ |
|---|
| LEADER | 00637nam a2200193Ia 4500 | ||
|---|---|---|---|
| 001 | CTU_1734 | ||
| 008 | 210402s9999 xx 000 0 und d | ||
| 082 | |a 515 | ||
| 082 | |b M968 | ||
| 100 | |a Munroe, M. Evans | ||
| 245 | 0 | |a Calculus | |
| 245 | 0 | |c M. Evans Munroe | |
| 260 | |a Philadelphia | ||
| 260 | |b W.B.Sauders | ||
| 260 | |c 1970 | ||
| 520 | |a This book presents a three-semester sequence in calculus, beginning at the beginning and culminating in Stokes' Theorem and an introduction to differential forms. | ||
| 650 | |a Calculus,Tính toán | ||
| 904 | |i Minh,Hải | ||
| 980 | |a Trung tâm Học liệu Trường Đại học Cần Thơ | ||